Transfiguration Final Quiz Stats

 Plays Quiz not verified by Sporcle

Support Sporcle.
Go Orange.
Score 0/10 Timer 20:00
0 Plays Today
Question Answer Wrong Answers
Where does an object go when it’s been vanished? ???
50.5%
???
0%
???
0%
???
0.3%
Which of these is a known Animagi? ???
49.5%
???
0%
???
0.5%
???
0.3%
True or false. Animagi can take on the form of more than one animal. ???
48.7%
???
2.5%
Which one of these is a known metamorphmagi ???
47.5%
???
0.3%
???
0.8%
???
0.3%
Which one of these is NOT true regarding food bring conjured? ???
42.9%
???
3.3%
???
2.5%
???
2%
True or false. W.O.M.B.A.T. stands for Wizards Ordinary Magic and Basic Aptitude Test. ???
42.1%
???
6.1%
Conjuration is an advanced form of what? ???
39.3%
???
5.6%
???
3.3%
???
5.8%
Which of these is NOT part of the process to become an Animagi? ???
37.1%
???
4.1%
???
6.6%
???
8.4%
Which of these is a known conjuration spell? ???
35.5%
???
5.3%
???
2.3%
???
4.6%
In the Cross-Species Switches formula what does “A” represent? ???
32.2%
???
3.6%
???
8.9%
???
8.9%

You're not logged in!

Compare scores with friends on all Sporcle quizzes.
OR
Log In

From the Vault

NBA Top 200 Scorers (2015-16)

by Feely

Just enter the names that you've been hearing about all year.
Remove Ads.
Support Sporcle.
Get the best of Sporcle when you Go Orange. This ad-free experience offers more features, more stats, and more fun while also helping to support Sporcle. Thank you for becoming a member.

Show Comments

Extras

Created Nov 25, 2018ReportNominate
Tags:Exam, final

Top Quizzes Today


Score Distribution

Your Account Isn't Verified!

In order to create a playlist on Sporcle, you need to verify the email address you used during registration. Go to your Sporcle Settings to finish the process.

Report this User

Report this user for behavior that violates our Community Guidelines.

Details: